All Hamilton Musical (Act 1) lyrics - Statistics

General Stats
  • This quiz has been taken 83 times
  • The average score is 6779 of 9998
Answer Stats
Lyrics % Correct
a
98%
A
98%
'a
98%
an
98%
An
98%
And
98%
and
98%
(And
98%
(and
98%
I
98%
I,
98%
(I
98%
in
98%
In
98%
(In
98%
in,
98%
′n
98%
'n
98%
'nd
98%
o′
98%
of
98%
Of
98%
the
98%
The
98%
(The
98%
(the
98%
do
95%
do?
95%
do?"
95%
do!
95%
Do
95%
go!
95%
go
95%
Go
95%
Go!
95%
go,
95%
So
95%
so
95%
so)
95%
so?
95%
who
95%
Who
95%
(who
95%
be
93%
be!
93%
be?
93%
be)
93%
Be
93%
"Be
93%
(be
93%
son
93%
son!
93%
Son,
93%
Son-
93%
son-
93%
son,
93%
where
93%
Where
93%
by
90%
By
90%
(By
90%
da
90%
da!
90%
does
90%
Ha
90%
Ha!
90%
Ha,
90%
he
90%
He
90%
(He
90%
How
90%
how
90%
I′m
90%
I'm
90%
(I′m
90%
"I′m
90%
(I'm
90%
I'm)
90%
"I'm
90%
it
90%
it,
90%
it?
90%
It
90%
it)
90%
it!
90%
or
90%
Or
90%
to
90%
To
90%
(To
90%
(to
90%
to-
90%
We
90%
we
90%
"We
90%
ever
88%
every
88%
Every
88%
Father
88%
father
88%
for
88%
For
88%
for?
88%
(For
88%
for!
88%
from
88%
from,
88%
From
88%
from?
88%
Got
88%
got
88%
hear
88%
Hear
88%
"Hi,"
88%
his
88%
His
88%
is
88%
Is
88%
men
88%
My
88%
my
88%
(my
88%
one
88%
One,
88%
one!
88%
ten,
88%
ten
88%
(Ten
88%
with
88%
With
88%
WIth
88%
Yo!
88%
yo,
88%
Yo,
88%
"Yo,
88%
you
88%
you)
88%
You
88%
you?
88%
you,
88%
you?)
88%
(You
88%
you-
88%
you!
88%
your
88%
Your
88%
Aaron
85%
Alex
85%
Alex,
85%
Alexander
85%
A-L-E-X-A-N-D-E-R
85%
Alexander,
85%
Alexander?
85%
Alexander—
85%
Alexander!
85%
as
85%
As
85%
(As
85%
Burr,
85%
Burr!
85%
Burr?
85%
Burr
85%
four
85%
have
85%
Have
85%
(Have
85%
her
85%
him
85%
him.
85%
him!
85%
Him
85%
him,
85%
just
85%
Just
85%
just)
85%
love
85%
love!
85%
love,
85%
Love
85%
Me?
85%
me?
85%
me.
85%
me
85%
me!
85%
me,
85%
me)
85%
me:
85%
me...
85%
No
85%
no
85%
no,
85%
No,
85%
No!
85%
No-
85%
not
85%
Not
85%
(Not
85%
not?)
85%
not,
85%
see
85%
See
85%
See,
85%
Then
85%
then
85%
they
85%
They
85%
(they
85%
"This
85%
this
85%
This
85%
(This
85%
this?)
85%
this?
85%
up
85%
Up
85%
up?
85%
up,
85%
up!
85%
was
85%
what
85%
What?
85%
What
85%
(what!)
85%
(What!)
85%
What!
85%
When
85%
when
85%
win
85%
win?
85%
ye,
85%
ye!
85%
am
83%
are
83%
Are
83%
"Are
83%
at
83%
At
83%
But
83%
but
83%
(But
83%
But,
83%
but,
83%
cha
83%
day
83%
day,
83%
day-
83%
gon′
83%
Hamilton
83%
Hamilton!
83%
Hamilton,
83%
(Hamilton!)
83%
kin
83%
know
83%
know—
83%
look
83%
Look
83%
man
83%
man"
83%
man?"
83%
man)
83%
man?
83%
man,
83%
man!
83%
Man!
83%
Man,
83%
mother
83%
name,
83%
name
83%
name.
83%
on
83%
on!
83%
on,
83%
On
83%
There
83%
there
83%
thing
83%
thing,
83%
thing—
83%
three!
83%
three,
83%
wait,
83%
wait
83%
wait!
83%
(Wait
83%
(Wait,
83%
wait)
83%
Wait
83%
(Wait)
83%
were
83%
we're
83%
we′re
83%
We're
83%
We′re
83%
were)
83%
"We're
83%
been
80%
can
80%
Can
80%
count,
80%
count
80%
de
80%
down
80%
Down
80%
(Down
80%
down...
80%
down!
80%
Down,
80%
down,
80%
drop
80%
Drop
80%
found
80%
"Get
80%
get
80%
get,
80%
Get
80%
gonna
80%
Let
80%
let
80%
(let
80%
more
80%
more...
80%
new
80%
New
80%
Oh,
80%
oh
80%
Oh!
80%
Oh
80%
(Oh,
80%
orphan,
80%
orphan.
80%
orphan
80%
Our
80%
our
80%
say
80%
say,
80%
Seven
80%
sir?
80%
sir
80%
Sir...
80%
sir.
80%
Sir,
80%
sir!
80%
(Sir?)
80%
sir?)
80%
(sir?)
80%
(Sir!)
80%
Sir!
80%
sir,
80%
Sir-
80%
some
80%
Some
80%
that
80%
That
80%
that:
80%
that,
80%
Will
80%
will
80%
Work,
80%
work!
80%
Work!
80%
work.
80%
(Work,
80%
work!)
80%
(Work!)
80%
work
80%
all
78%
All
78%
Away
78%
away
78%
back
78%
back,
78%
back?
78%
bastard,
78%
beat
78%
die,
78%
die
78%
die-
78%
don′t
78%
Don't
78%
don't
78%
Don′t
78%
(Don′t
78%
don′t,
78%
forgot
78%
hand
78%
hand,
78%
like
78%
Like
78%
like—
78%
never
78%
nothin′
78%
nothin'
78%
now
78%
now!
78%
Now,
78%
Now
78%
now,
78%
now?
78%
place
78%
said,
78%
said...
78%
said
78%
Said,
78%
she
78%
She
78%
shot
78%
(shot)
78%
shot!
78%
take
78%
Take
78%
time!
78%
time
78%
time,
78%
time)
78%
(Time,
78%
Time
78%
time-
78%
time?
78%
Two
78%
two,
78%
two!
78%
us
78%
us,
78%
U.S.
78%
war
78%
war,
78%
Well,
78%
well,
78%
We′ll
78%
we′ll
78%
well
78%
Well
78%
We'll
78%
Well!
78%
what′s
78%
What's
78%
What′s
78%
"What′s
78%
City
75%
city
75%
"Come
75%
Come
75%
come
75%
forgotten
75%
free
75%
free!
75%
"Free
75%
Free
75%
if
75%
If
75%
if,
75%
out
75%
Out
75%
out,
75%
out—
75%
scholar?
75%
sister
75%
sister,
75%
stand
75%
their
75%
them
75%
things
75%
three
75%
(Three
75%
three!)
75%
Two
75%
two
75%
two!)
75%
went
75%
went?
75%
whore
75%
would
75%
Would
75%
York,
75%
York!
75%
York
75%
York)
75%
young,
75%
young
75%
You're
75%
you're
75%
you′re
75%
You′re
75%
Ask
73%
ask
73%
ask—
73%
better
73%
came,
73%
came
73%
can't
73%
can′t
73%
fall
73%
fall)
73%
fight,
73%
fight
73%
fight)
73%
four
73%
four,
73%
four!
73%
Give
73%
give
73%
haven't
73%
haven′t
73%
It's
73%
It′s
73%
it′s
73%
it's
73%
its
73%
Left
73%
left
73%
left,
73%
Left!
73%
nothing,
73%
nothing
73%
read-
73%
read
73%
side
73%
side,
73%
side)
73%
side!
73%
Somethin'
73%
something
73%
Something
73%
there's
73%
There's
73%
There′s
73%
there′s
73%
want
73%
world
73%
world!
73%
World
73%
world,
73%
around,
70%
around
70%
around)
70%
brraaah!
70%
Brrrah,
70%
could
70%
country
70%
country,
70%
dropped
70%
first
70%
Grow
70%
grow
70%
Inside,
70%
inside
70%
inside,
70%
je
70%
King
70%
king
70%
King!
70%
land
70%
land,
70%
life
70%
Life
70%
life?
70%
lot
70%
lot,
70%
may
70%
May
70%
mean
70%
mean?
70%
mean,
70%
middle
70%
mon
70%
right
70%
right,
70%
right?
70%
Right!
70%
run
70%
Sam
70%
Scotsman,
70%
seat
70%
Spot
70%
spot
70%
spot?
70%
Tell
70%
tell
70%
why
70%
Why
70%
(Why
70%
without
70%
Without
70%
word
70%
word,
70%
yours.
70%
did.
68%
did
68%
done
68%
done)
68%
Eliza
68%
Eliza!
68%
Eliza,
68%
forget
68%
Founding
68%
gotta
68%
Gotta
68%
Head
68%
hero
68%
I′ll
68%
I'll
68%
(I'll
68%
into
68%
kid
68%
kid?
68%
lookin′
68%
lookin
68%
lookin'
68%
make
68%
Make
68%
off
68%
part
68%
saw
68%
send
68%
Send
68%
set!
68%
set
68%
Set
68%
sisters!
68%
sisters
68%
sister's
68%
smart
68%
sure,
68%
sure
68%
Sure
68%
than
68%
Than
68%
too
68%
try
68%
waitin',
68%
while
68%
While
68%
Who′s
68%
who's
68%
Who's
68%
workin′,
68%
workin′
68%
Ah,
65%
asking?
65%
asking
65%
before
65%
brother
65%
course
65%
course!
65%
dying
65%
Dying
65%
eye
65%
eye,
65%
eyes,
65%
eyes
65%
eyes)
65%
far
65%
full
65%
George
65%
"George,
65%
heard
65%
History
65%
history
65%
history?
65%
join
65%
less
65%
live
65%
looking
65%
mouth
65%
one
65%
one?
65%
One
65%
one!)
65%
over
65%
over.
65%
Put
65%
put
65%
same,
65%
same
65%
sayin′,
65%
ship
65%
ship,
65%
should
65%
slaves
65%
start
65%
story
65%
story)
65%
story,
65%
Talk
65%
talk,
65%
talk
65%
throw
65%
waiting
65%
(waiting
65%
wanted
65%
yourself
65%
again?"
63%
again,
63%
again
63%
America
63%
America?"
63%
America,
63%
Another
63%
another
63%
Any
63%
any
63%
beg,
63%
Caribbean
63%
Caribbean,
63%
damn
63%
damn,
63%
daughters
63%
daughters,
63%
dead
63%
died
63%
died,
63%
'em
63%
′em
63%
'em,
63%
′em,
63%
God,
63%
God
63%
had
63%
half
63%
hard
63%
Heed
63%
(heed
63%
(Heed-)
63%
he's
63%
He's
63%
He′s
63%
(He's
63%
loved
63%
luck
63%
million
63%
mind
63%
mother′s
63%
move
63%
pain
63%
pass
63%
People
63%
people
63%
people!
63%
readin′
63%
readin'
63%
real
63%
revolution.
63%
revolution!
63%
revolution
63%
revolution?
63%
"Revolution!"
63%
Revolution
63%
revolution!)
63%
revolution)
63%
saying,
63%
saying
63%
self
63%
service,
63%
service
63%
show
63%
sick,
63%
sick
63%
sit.
63%
sit
63%
throwin′
63%
throwin'
63%
wish
63%
Yes!
63%
Yes
63%
yes
63%
(yes?)
63%
Yes,
63%
(yes)
63%
advice
60%
Angelica,
60%
Angelica!
60%
Angelica
60%
(Angelica,
60%
Angelica)
60%
bed
60%
being
60%
brain
60%
′Cause
60%
'cause
60%
'Cause
60%
′cause
60%
charge
60%
college!
60%
College
60%
college
60%
cousin,
60%
cousin
60%
dollar
60%
drink?
60%
fast?
60%
fast,
60%
fast
60%
fool
60%
freed
60%
freedom
60%
freedom,
60%
Freedom
60%
(goin
60%
gun
60%
gun!
60%
hands
60%
has
60%
heart
60%
heart)
60%
hungry
60%
I'd
60%
I′d
60%
insane,
60%
insane
60%
Insane,
60%
Insane
60%
John
60%
King's
60%
king′s
60%
last,
60%
last
60%
late
60%
lead
60%
lead,
60%
lead?
60%
Let's
60%
Let′s
60%
let′s
60%
(Let′s
60%
let's
60%
lets
60%
looked
60%
provide
60%
provide,
60%
provide)
60%
quick
60%
quick,
60%
sea
60%
sea,
60%
shoes?
60%
these
60%
These
60%
think
60%
Those
60%
those
60%
trust
60%
turn
60%
working
60%
arm,
58%
book
58%
cent
58%
charter
58%
colony
58%
depends.
58%
doesn′t
58%
doesn't
58%
friend
58%
friend,
58%
game?
58%
game
58%
game)
58%
going
58%
harder
58%
help
58%
home
58%
home,
58%
keep
58%
Keep
58%
knowledge!
58%
knowledge
58%
Lafayette!
58%
Lafayette,
58%
Lafayette
58%
mad
58%
meet
58%
meet,
58%
Meet
58%
need
58%
need?
58%
night
58%
night,
58%
night!
58%
Pardon
58%
passed
58%
plan
58%
pride,
58%
pride
58%
Pride
58%
raise
58%
Raise
58%
(Raise
58%
Remember,
58%
remember
58%
she′s
58%
She's
58%
She′s
58%
she's
58%
smarter,
58%
Smile
58%
smile
58%
smile,
58%
someone
58%
Someone
58%
steal,
58%
steal
58%
stupid,
58%
stupid
58%
tear
58%
tonight
58%
tonight)
58%
tonight,
58%
Tradin'
58%
trading
58%
wind
58%
women
58%
worth
58%
you'll
58%
You'll
58%
you′ll
58%
You′ll
58%
14,
55%
1776
55%
Adams,
55%
alive
55%
alive,
55%
alive-
55%
anyone
55%
best?
55%
best
55%
buy
55%
farther
55%
feel
55%
fought
55%
gettin'
55%
getting
55%
Good
55%
guy
55%
handle
55%
happen
55%
Happen
55%
Hercules
55%
Hey
55%
Hey!
55%
Hey,
55%
hey)
55%
horse
55%
horse?
55%
long
55%
Moved
55%
Mulligan
55%
Mulligan,
55%
Only
55%
only
55%
other
55%
ow
55%
own
55%
parents′
55%
Peggy,
55%
Peggy!
55%
Peggy
55%
red
55%
room
55%
room?
55%
scholarship
55%
scrappy
55%
scrappy,
55%
Scrappy
55%
takin′
55%
tea?
55%
tea,
55%
that′s
55%
That′s
55%
that's
55%
That's
55%
They′ll
55%
They'll
55%
(They′ll
55%
Took
55%
wanna
55%
Washington!
55%
Washington
55%
wrote
55%
years
55%
across
53%
against
53%
blur,
53%
chance
53%
child
53%
Comin'
53%
comin′,
53%
end
53%
end,
53%
face
53%
face,
53%
financial
53%
Graduate
53%
graduate
53%
hot
53%
how′d
53%
How'd
53%
I've
53%
I′ve
53%
landlord
53%
livin′
53%
livin'
53%
nervous
53%
nervous,
53%
nice
53%
Nice
53%
offer
53%
placed
53%
punched
53%
reading
53%
rest
53%
Rise
53%
rise
53%
rise,
53%
says
53%
started
53%
Started
53%
sun
53%
talkin'
53%
tend
53%
Thomas
53%
though
53%
thought
53%
′til
53%
'til
53%
'Til
53%
Tryin'
53%
tryin′
53%
voice
53%
watch
53%
Watch
53%
way
53%
way!
53%
Way
53%
world's
53%
worlds
53%
ahead?
50%
ahead
50%
black
50%
Black
50%
bow
50%
children
50%
committed
50%
cry
50%
dream
50%
even
50%
Even
50%
family
50%
financials?
50%
great
50%
guard
50%
handles
50%
helpless
50%
helpless!
50%
Helpless!
50%
(Helpless!)
50%
Helpless,
50%
Helpless
50%
hold
50%
Hold!
50%
horses,
50%
horses
50%
kept
50%
leave
50%
Leave
50%
lie
50%
little
50%
made
50%
mainland
50%
might
50%
old
50%
rich
50%
rich,
50%
Schuyler
50%
Schuyler:
50%
Schuyler.
50%
Schuyler?
50%
Schuyler!
50%
Schuyler,
50%
sets
50%
sittin′
50%
suicide
50%
talking
50%
ten-dollar
50%
truth
50%
walk
50%
what'll
50%
which
50%
write
50%
Write
50%
You′ve
50%
you've
50%
You've
50%
about
48%
about!
48%
afford
48%
bad
48%
battalion
48%
bed-ridden
48%
buddy
48%
cane
48%
change
48%
Fools
48%
fun
48%
future
48%
future,
48%
glass
48%
glass)
48%
glory
48%
glory)
48%
harbor
48%
Harbor
48%
Here
48%
here
48%
hurricane
48%
immigrant
48%
Jefferson
48%
later,
48%
later
48%
laugh,
48%
laugh
48%
listen
48%
listen,
48%
lovin'
48%
Lucky
48%
lucky
48%
many
48%
matter
48%
matter?
48%
mouths
48%
(Number
48%
Number
48%
pencil
48%
Philip
48%
Philip,
48%
poor
48%
poor,
48%
prove
48%
ready
48%
Ready,
48%
Ready
48%
remind
48%
rep
48%
revel
48%
self-starter
48%
serious
48%
shouldn't
48%
sing
48%
sort
48%
study
48%
sugar
48%
temple,
48%
test
48%
Until
48%
until
48%
wants
48%
wings
48%
woulda
48%
ya
48%
ya,
48%
ya)
48%
A-After
45%
after
45%
After
45%
barter
45%
blood
45%
borrow,
45%
Boy,
45%
boy
45%
brag,
45%
bursar
45%
carted
45%
collection
45%
connected
45%
dang,
45%
dang
45%
death
45%
Death
45%
drain
45%
fend
45%
friends
45%
gladly
45%
Lancelot
45%
Laurens
45%
Laurens,
45%
load,
45%
longing
45%
meant
45%
mine."
45%
mine,
45%
mine!
45%
mine
45%
pants
45%
Princeton.
45%
Princeton
45%
revolution′s
45%
Revolution's
45%
revolution's
45%
round
45%
satisfied
45%
(satisfied,
45%
satisfied,
45%
satisfied)
45%
Satisfied,
45%
second?
45%
second,
45%
second
45%
shelf
45%
sky
45%
slaughtered
45%
squalor
45%
street
45%
takes
45%
Telling
45%
telling
45%
there'll
45%
thick
45%
through
45%
through"
45%
Through
45%
true
45%
true"
45%
trusted
45%
Yeah,
45%
accelerated
43%
afar
43%
ain′t
43%
always
43%
(always)
43%
baby,
43%
bargained
43%
Ben
43%
"Bonsoir!"
43%
boom!
43%
(boom!)
43%
Boom!
43%
"Boom!"
43%
clear
43%
corsets
43%
destitute
43%
education,
43%
enough
43%
enough?
43%
equal"
43%
equal
43%
fightin′
43%
fund,
43%
guys
43%
guys,
43%
Half-dead,
43%
hope
43%
I′mma
43%
lay
43%
light
43%
living
43%
marry
43%
much
43%
much,
43%
next
43%
next?
43%
pints
43%
price
43%
providence,
43%
seeking
43%
shit
43%
sorts
43%
split,
43%
stall
43%
streets
43%
struggled
43%
tax
43%
tomorrow
43%
Tomorrow,
43%
truths
43%
verse,
43%
waves,
43%
waves
43%
woman
43%
woman,
43%
ami,
40%
because
40%
bottom
40%
century
40%
comes
40%
common
40%
Common
40%
common?
40%
Congress"
40%
Congress
40%
Congress?
40%
days
40%
day's
40%
declaration
40%
devastation
40%
downtown
40%
feet
40%
feet!
40%
fighting
40%
fighting,
40%
gone
40%
gone,
40%
groom!
40%
groom,
40%
groom)
40%
happening
40%
I′ma
40%
impoverished,
40%
laughin'
40%
Laughin′
40%
learned
40%
letter
40%
loaded
40%
love′s
40%
loves
40%
mess!
40%
Mister
40%
moi!
40%
money
40%
money,
40%
overcame?
40%
piece
40%
refrain,
40%
ruined
40%
runs
40%
scent
40%
Showtime!
40%
soon,
40%
Soon
40%
spit.
40%
Spit
40%
stands
40%
still
40%
testament
40%
They're
40%
(They're
40%
They′re
40%
they′re
40%
thinkin′
40%
thinkin'
40%
till
40%
willin′
40%
willing
40%
ass
38%
belong
38%
Britain
38%
call
38%
Call
38%
coal
38%
colony′s
38%
coming
38%
couple
38%
debt-ridden
38%
endless
38%
everyone
38%
Everyone,
38%
Everyone
38%
feels
38%
France
38%
France!
38%
general!
38%
general
38%
General
38%
general,
38%
General!
38%
greatest
38%
intercourse
38%
isn't
38%
isn′t
38%
Isn't
38%
kill
38%
Lock
38%
making
38%
Making
38%
mentions
38%
nine
38%
nine!
38%
Oceans
38%
Ouioui
38%
pay
38%
play
38%
pour
38%
promise
38%
Retreat!
38%
retreat
38%
revolutionary
38%
revolutionary,
38%
rum
38%
seen
38%
Sense
38%
six,
38%
six!
38%
six
38%
top
38%
top?
38%
turns
38%
whee!)
38%
whence
38%
astute
35%
ball
35%
brew,
35%
bride
35%
bride!)
35%
bride,
35%
bride)
35%
bride!
35%
British
35%
C′est
35%
colonies
35%
command,
35%
command
35%
created
35%
Daddy
35%
daddy
35%
dear
35%
Dear
35%
diamond
35%
drip,
35%
dripping
35%
drownin'
35%
drownin′
35%
eight,
35%
eight!
35%
enemy
35%
fan
35%
five,
35%
Five!
35%
five
35%
fly
35%
girl
35%
law
35%
law,
35%
Lee
35%
Lee?
35%
Lee,
35%
makes
35%
Makes
35%
miss,
35%
nation
35%
nation?
35%
nation,
35%
panic
35%
past
35%
polish
35%
problem
35%
rebels
35%
redcoats
35%
retreatin'
35%
revelation
35%
rough,
35%
sad?
35%
scream,
35%
scream)
35%
scream
35%
(Scream-)
35%
shoot
35%
sings
35%
slummin'
35%
slummin′
35%
speak
35%
spree
35%
taking
35%
thinking
35%
treat
35%
under
35%
writin′
35%
writin'
35%
air
33%
apart
33%
arrangement
33%
Battle
33%
brains
33%
catch
33%
catch?
33%
clerkin'
33%
each
33%
Elizabeth
33%
empires
33%
Empires
33%
endlessly
33%
find
33%
folks
33%
independently
33%
instead
33%
Instead
33%
keeps
33%
lost,
33%
lost
33%
loud?
33%
Manhattan
33%
m'appelle
33%
moment
33%
moment,
33%
monarchy
33%
Paine
33%
Plannin′
33%
power
33%
pray
33%
Pray
33%
pretty
33%
pull
33%
reach
33%
really
33%
reigned
33%
rights
33%
sequel!
33%
seven,
33%
Seven!
33%
sex,
33%
shed
33%
she′d
33%
shittin′
33%
shoulder
33%
shout
33%
sky′s
33%
social
33%
spendin'
33%
status
33%
strike
33%
sundown
33%
sweet,
33%
Thank
33%
toast
33%
trouble,
33%
union
33%
union,
33%
union!
33%
Where's
33%
wife
33%
won
33%
won!
33%
would′ve
33%
age
30%
amaze
30%
Anarchy?
30%
armed
30%
astonish
30%
astray
30%
astray)
30%
brothers
30%
colder,
30%
crowd
30%
defend
30%
door
30%
double
30%
Enter
30%
father′s
30%
Forever
30%
fully
30%
gets
30%
goal,
30%
headed
30%
ideas
30%
imminent.
30%
key
30%
knew
30%
Ladies
30%
Ladies!
30%
limit
30%
limit,
30%
lower
30%
means,
30%
means
30%
memory
30%
message
30%
odds
30%
'onarchy
30%
′Onarchy?
30%
pop
30%
relentless
30%
restitution
30%
rewrote
30%
Scammin′
30%
secret
30%
shocked
30%
sleep?
30%
soldier
30%
speech,
30%
stallion
30%
state
30%
State?
30%
State
30%
straight
30%
thee
30%
troop
30%
troops
30%
Troops
30%
truly
30%
walked
30%
begin
28%
bit
28%
blue
28%
"Casse-toi"
28%
discussed
28%
enemies
28%
Essentially,
28%
everybody!
28%
Everything
28%
evident
28%
Ev'rybody
28%
Excuse
28%
front
28%
funny
28%
genius
28%
(Genius)
28%
gentlemen!
28%
Gentlemen
28%
grab
28%
Grab
28%
group
28%
hell
28%
Hell
28%
holler
28%
honest
28%
imagine
28%
include
28%
independence
28%
intense
28%
knees,
28%
manned
28%
manned!
28%
match
28%
Meanwhile,
28%
Mount
28%
Mr.
28%
panicky
28%
planned
28%
planned!
28%
pleasure
28%
prodigy
28%
proud
28%
push
28%
question
28%
relentlessly
28%
running
28%
Running
28%
self-evident
28%
shame
28%
shame)
28%
share
28%
shiny
28%
shove
28%
situation
28%
smells
28%
square
28%
summer
28%
Theodosia
28%
Theodosia,
28%
throwing
28%
Throwing
28%
Unimportant,
28%
When's
28%
writing
28%
younger
28%
agree
25%
apprentice
25%
army,
25%
ballroom
25%
between
25%
Between
25%
bullet
25%
carriages
25%
check
25%
Check
25%
chick-a
25%
choice
25%
choices
25%
climb
25%
(Climb,
25%
climb,
25%
climb)
25%
close
25%
Close
25%
close,
25%
coat
25%
cops
25%
daddy's
25%
descendants
25%
descendants?
25%
dine
25%
disgust
25%
dog
25%
fallen
25%
fire
25%
Fire!
25%
form
25%
gunned
25%
gunned,
25%
happy
25%
he′d
25%
He′d
25%
honor,
25%
hunger
25%
job
25%
loving
25%
manage
25%
mercy
25%
mercy)
25%
met
25%
once,
25%
once
25%
perfume
25%
playing
25%
please
25%
please!
25%
pot
25%
promised
25%
rock
25%
sewin′
25%
shore
25%
shouting
25%
sky's
25%
solution
25%
solution)
25%
sons
25%
spell
25%
Stay
25%
stay
25%
subject
25%
treatise
25%
trying
25%
twenty
25%
type
25%
unimpeachable
25%
unrest
25%
voices
25%
week
25%
y'all
25%
advance,
23%
aflame,
23%
aflame
23%
ammunition
23%
bring
23%
brought
23%
callin′
23%
cannon,
23%
cannons
23%
cannons!
23%
control
23%
dancin'
23%
dangerous
23%
dazzling
23%
destroyed
23%
dude
23%
else?
23%
else
23%
exact
23%
fancy
23%
field!
23%
field
23%
fine
23%
fine",
23%
flame
23%
gawk
23%
hadn't
23%
high
23%
husband
23%
Jersey?
23%
kind
23%
kind,
23%
known?
23%
known
23%
least
23%
lives,
23%
lying
23%
maid
23%
melody?
23%
nineteen,
23%
older
23%
over-excited,
23%
praise
23%
retreating?
23%
ride
23%
ride!
23%
royal
23%
searchin
23%
secretary!
23%
seeing
23%
sent
23%
Sneak
23%
Sometimes
23%
sorry,
23%
sorry
23%
sound
23%
spotlight
23%
suddenly
23%
taught
23%
tells
23%
very
23%
violence
23%
west
23%
we′ve
23%
We've
23%
whisper
23%
whose
23%
wine
23%
writes
23%
writes,
23%
wrong,
23%
wrong
23%
band′s
20%
blacker
20%
blessin′
20%
bondage
20%
Boston?
20%
boys
20%
burden,
20%
carefully
20%
Chaos
20%
(chaos
20%
compel
20%
Dadada
20%
dark,
20%
despite
20%
discriminate
20%
Eliza's
20%
Eliza′s
20%
eloquently
20%
Eventually,
20%
eventually
20%
famished
20%
favorite
20%
flying
20%
Franklin
20%
fraught
20%
French
20%
gods
20%
Guns
20%
guns
20%
heels
20%
kettle
20%
knuckleheads
20%
legacy
20%
loyal,
20%
mistake
20%
Okay,
20%
Okay?
20%
one's
20%
Outnumbered,
20%
parentheses)
20%
realize
20%
reason
20%
Samuel
20%
served
20%
shows
20%
socially
20%
speaks
20%
states?
20%
States
20%
stop
20%
students
20%
submissive
20%
swear
20%
tailor′s
20%
Thoughts
20%
together
20%
told
20%
tried
20%
Uh
20%
Uh-oh,
20%
use
20%
warm
20%
weeks
20%
Weeks
20%
words
20%
words,
20%
worked
20%
yield?
20%
yield
20%
Yorktown,
20%
Yorktown
20%
act
18%
alone
18%
alone,
18%
anybody
18%
battlefield
18%
bear
18%
bloodshed
18%
brandish,
18%
break
18%
break)
18%
broke
18%
cannot
18%
commanded
18%
Continental
18%
Convention
18%
Convention!
18%
convention
18%
dance
18%
didn′t
18%
dies,
18%
duel
18%
Duel
18%
early
18%
estrangement,
18%
estrangement
18%
fame
18%
feeling
18%
few
18%
Georgia
18%
grew
18%
harem
18%
Intelligent
18%
interests
18%
interests-)
18%
Jesus,
18%
keeping
18%
kite
18%
lawyer
18%
leading
18%
maybe
18%
Maybe
18%
meeting
18%
Moses,
18%
oldest
18%
patiently
18%
plot
18%
prob′ly
18%
quite
18%
ships
18%
Silence!
18%
slide
18%
soldiers
18%
south
18%
spark
18%
supply
18%
surprise
18%
total
18%
Understand,
18%
understand
18%
Vernon!
18%
Vernon
18%
volume
18%
war′s
18%
water
18%
weapon
18%
Weapon
18%
white
18%
winter's
18%
worst,
18%
woulda
18%
you'd
18%
acre
15%
action
15%
agreement
15%
America's
15%
asked
15%
Bay
15%
begged
15%
believe
15%
believe?
15%
bleed
15%
bunch
15%
burn
15%
called
15%
case?
15%
Charles
15%
chest
15%
clue
15%
conversation
15%
creation!
15%
Cycle
15%
defeat
15%
dig
15%
disadvantage,
15%
doing,
15%
doing
15%
doubt
15%
easy,
15%
Everybody′s
15%
flag
15%
Foes
15%
foes
15%
fundamental
15%
fuzz
15%
given
15%
Goes
15%
grabs
15%
grandfather
15%
Grind
15%
guarantee
15%
happens
15%
hatch
15%
heat
15%
hire
15%
hurl
15%
ideals?
15%
introduce
15%
joinin'
15%
knock
15%
knows
15%
lasted
15%
liberty
15%
lose
15%
(Lose,
15%
lose,
15%
lose)
15%
married
15%
mass
15%
millisecond?
15%
minutes,
15%
minutes
15%
mistakes
15%
mistakes)
15%
morning
15%
movement
15%
naive
15%
needs
15%
nightly
15%
Non-Stop
15%
Non-stop!
15%
(non-stop!)
15%
order
15%
Peach
15%
penniless,
15%
penniless
15%
pick
15%
Pick
15%
plenty
15%
position,
15%
practical,
15%
quickly
15%
Regret
15%
respect
15%
(Respect,
15%
Respect)
15%
(rewind)
15%
Rewind,
15%
Rewind
15%
rhythm
15%
roll
15%
saints
15%
shakes
15%
She'll
15%
sinners
15%
skies...
15%
skies
15%
slavery
15%
song
15%
standing
15%
stress,
15%
supplies
15%
themselves
15%
thousand
15%
tiny
15%
tomcat
15%
Tripping
15%
trusting
15%
vengeance
15%
wasn't
15%
wasn′t
15%
wisdom,
15%
won′t
15%
won't
15%
wow!
15%
1780
13%
1781
13%
abolitionists?
13%
above
13%
account
13%
afraid
13%
aim
13%
Alexander′s
13%
answer?
13%
answer
13%
anyway
13%
anyway)
13%
arrogant,
13%
ascendancy
13%
aside
13%
assistance
13%
assistant
13%
began
13%
behind
13%
blow
13%
both
13%
brilliance
13%
brimstone
13%
bullets
13%
calling
13%
commandments
13%
complainin'
13%
cried
13%
cut
13%
deaths
13%
draining,
13%
either
13%
element
13%
elevates
13%
envy
13%
Ev′ry
13%
ev'ry
13%
excitin'
13%
falling
13%
felt
13%
feral
13%
finished
13%
flask
13%
frame
13%
gave
13%
Geniuses,
13%
gossip
13%
Handsome,
13%
Heaven
13%
higher
13%
higher?
13%
hungriest
13%
important
13%
indecisive
13%
Indecisive
13%
island
13%
jury,
13%
Knowing
13%
led
13%
lies
13%
lines,
13%
Local
13%
loco
13%
manumission
13%
martyr
13%
master
13%
matches
13%
month
13%
Most
13%
named
13%
name's
13%
oppose
13%
parentis
13%
pedestal,
13%
phenomenon?
13%
preacher
13%
(Preacher,
13%
Preacher,
13%
Preacher)
13%
present
13%
protect
13%
rather
13%
rebellion
13%
Reliable
13%
repeat
13%
reputation
13%
resigned
13%
rooftops
13%
sally
13%
Scratch
13%
Seabury
13%
sight
13%
singing...
13%
sized
13%
slip
13%
smartest
13%
sorrow
13%
stressin'
13%
Strong
13%
strong
13%
surround
13%
sweat
13%
tactical
13%
teach
13%
(Teach
13%
Teach
13%
third
13%
tide
13%
turned
13%
undone
13%
upside
13%
urchin
13%
whole
13%
winning
13%
wished
13%
ago,
10%
already
10%
alright
10%
alright,
10%
attack
10%
attack!
10%
Attack!
10%
awake
10%
bench
10%
bite
10%
bleedin′
10%
build
10%
contrary
10%
conventional
10%
courage
10%
cover
10%
Cuz
10%
cuz
10%
debate
10%
dedicating
10%
deflower!
10%
deserve
10%
dire
10%
distance
10%
doctor
10%
dreamed
10%
drinking
10%
dry
10%
dumb
10%
essays
10%
everywhere
10%
Excellency,
10%
Excellency?
10%
expectation
10%
fact
10%
favourite
10%
fidgeting,
10%
firsthand
10%
flirt,
10%
fluent
10%
further
10%
grant
10%
Harlem
10%
hate
10%
Henry
10%
hires
10%
insidious
10%
James
10%
letters
10%
level!
10%
lighten
10%
Madison
10%
major
10%
Marquis
10%
massacre
10%
meaning
10%
midnight,
10%
model
10%
modern
10%
modulate
10%
newly
10%
niceties
10%
orders
10%
Permission
10%
piss
10%
plans
10%
posture,
10%
practiced
10%
questions,
10%
quill
10%
rabble
10%
ragtag
10%
rally
10%
regulate
10%
reins
10%
Remain
10%
romanticize
10%
rush
10%
scary
10%
seated
10%
shifts
10%
silently
10%
since
10%
small
10%
smiling,
10%
someday
10%
Someday,
10%
Somehow
10%
sooner
10%
speed?
10%
spies
10%
staff?
10%
stance
10%
step
10%
stole
10%
strangely,
10%
stray
10%
studies
10%
succeed,
10%
suggestions
10%
surrender
10%
survive,
10%
survive?
10%
trench
10%
Virginian
10%
volunteer
10%
witness
10%
witnessed
10%
wittiest
10%
wonder
10%
wounded,
10%
yet
10%
yields!
10%
action′s
8%
admire
8%
along
8%
among
8%
arrive?
8%
askance
8%
assume
8%
aware
8%
Awesome,
8%
backing
8%
battles
8%
Betsy
8%
beyond
8%
bloodstains
8%
bluff
8%
bother
8%
bravery
8%
brings
8%
buckwild
8%
business
8%
captain
8%
casualties
8%
caught
8%
challenge:
8%
choose
8%
claimin′
8%
commander
8%
confides
8%
confounding
8%
confusing,
8%
Congrats
8%
congratulations
8%
Consolidate
8%
constantly
8%
Constitution?
8%
constitution?
8%
Constitution,
8%
cost
8%
court,
8%
crawling
8%
credits
8%
crisis
8%
curious,
8%
Dadadadada
8%
decide
8%
defendants?
8%
deny
8%
devices
8%
different
8%
dollop
8%
eating
8%
elephant
8%
emerge
8%
expecting
8%
faces
8%
fantasize
8%
figure
8%
finally
8%
firing
8%
fleeing
8%
fleeting
8%
forward
8%
foundation
8%
fraction
8%
Frenchman
8%
George's
8%
giddy
8%
gifts
8%
giving
8%
global
8%
government
8%
greatness
8%
gunshot
8%
Hang
8%
haunt
8%
have's
8%
henchmen
8%
hide,
8%
hist′ry
8%
Honestly,
8%
honestly,
8%
hours,
8%
hymns
8%
Ignore
8%
innocent,
8%
instructions
8%
Jay
8%
journal
8%
killed
8%
Lining
8%
London
8%
mange
8%
man's
8%
Martha
8%
medic
8%
Monsieur
8%
Montgomery
8%
murder
8%
original
8%
outshine
8%
pace
8%
passionately
8%
peace
8%
peace,
8%
Poppin′
8%
Proceedings
8%
Proximity
8%
record
8%
redder
8%
remains
8%
rendezvous
8%
require
8%
resilience
8%
sailing
8%
screams
8%
seconds
8%
sensible
8%
shower
8%
shut
8%
single
8%
site
8%
Smashin'
8%
Spain
8%
special
8%
squat
8%
stonefaced
8%
style
8%
style,
8%
Summon
8%
superpower?
8%
Talks
8%
Tens
8%
terms
8%
thousands
8%
tobacco
8%
top-notch
8%
Treasury
8%
trial
8%
unafraid
8%
United
8%
unravel
8%
upset?
8%
venerated
8%
veteran
8%
victorious
8%
wastes
8%
wealthy
8%
whatever
8%
wits
8%
afterbirth
5%
aid,
5%
Albany
5%
alike
5%
allies
5%
amendments
5%
attitude
5%
balance
5%
bayonet
5%
bells
5%
bleeding
5%
brand-new
5%
Brooklyn
5%
But–look
5%
candlelight
5%
challenges
5%
changes
5%
chapter
5%
cheat
5%
chosen
5%
church
5%
client
5%
client?
5%
code
5%
confer,
5%
Constitutional
5%
constitution′s
5%
contradictions!
5%
Conway
5%
creating
5%
Dadadadadadadadada
5%
delegate
5%
deliberation
5%
democracy
5%
dismisses
5%
distracted
5%
Domestic
5%
doom
5%
Dooo!
5%
dreamlike
5%
eff
5%
engage,
5%
entrust
5%
erasing
5%
escort
5%
exhibits
5%
explode
5%
facing
5%
fails?
5%
flood
5%
forces
5%
forces"
5%
fragment
5%
funds
5%
gang
5%
grown
5%
guarantees
5%
Hamilton′s
5%
Hamilton's
5%
harmony
5%
have-nots
5%
hesitate
5%
Hit
5%
Immigrants
5%
incredible
5%
infighting-
5%
information
5%
Ingenuitive
5%
inline
5%
jaws
5%
junior
5%
keg
5%
Knox
5%
legal
5%
Looks!
5%
loudmouth
5%
meantime
5%
merchants
5%
miracle
5%
Monmouth
5%
months
5%
mud
5%
narrative
5%
Negotiate
5%
negotiate
5%
note
5%
notion
5%
obnoxious,
5%
officer
5%
paces!)
5%
perfected
5%
plantin'
5%
plays
5%
powder
5%
pretend
5%
proclamation
5%
proposes
5%
published
5%
quagmire?
5%
Quebec,
5%
relish
5%
resorted
5%
restraint
5%
ringing
5%
rob
5%
Ross′s
5%
safe
5%
scatter
5%
seize
5%
series
5%
shadow
5%
Shares
5%
shits
5%
shoots
5%
sixpence
5%
skill
5%
somewhere
5%
station,
5%
station
5%
strategy
5%
stronger
5%
studied
5%
subdue
5%
success
5%
such
5%
summary
5%
support
5%
taken
5%
tension
5%
tip
5%
tolerance
5%
tone
5%
Unable
5%
undeniable
5%
uphill
5%
watching
5%
Watching
5%
waving
5%
32,000
3%
absolutely
3%
absurd,
3%
accompanied
3%
adrenaline
3%
anonymously
3%
apologize,
3%
Bright
3%
central
3%
civility
3%
Co-counsel.
3%
Colonel
3%
comfort
3%
contraband
3%
corrected
3%
correspondence
3%
Corruption's
3%
counsel—
3%
defence,
3%
defending,
3%
Defending
3%
delighted
3%
demand
3%
deniability
3%
Department?
3%
direct
3%
disagree!
3%
disobey
3%
disputes
3%
divided
3%
divisive
3%
divvy
3%
document
3%
drowning
3%
eighty-five
3%
eloquence
3%
Embellishing
3%
equipment,
3%
evenly
3%
fantasies
3%
Federalist
3%
FIFTY-ONE!
3%
file
3%
flags
3%
flight
3%
frantically
3%
Goddamnit
3%
granted
3%
Greene
3%
half-mast
3%
handkerchief
3%
Homilies
3%
hunger-pang
3%
immature?
3%
impossible
3%
indelicate...
3%
indispensable
3%
inexperienced
3%
injustice
3%
joins
3%
justify
3%
Levi
3%
Lieutenant
3%
Lieutenant,
3%
listless
3%
maiden
3%
manning
3%
mutiny
3%
neck
3%
nowhere
3%
one′ll
3%
outrage
3%
Papers
3%
parapet
3%
pays
3%
persuasive
3%
phrase
3%
places
3%
practic'ly
3%
precedes
3%
promotes
3%
Provoke
3%
Public
3%
public
3%
reckoned
3%
reckoning
3%
renown
3%
Rochambeau
3%
'Rochambeau′
3%
Rochambeau!
3%
rocks
3%
ruinous?
3%
scrutiny
3%
seems
3%
snatch
3%
solve
3%
southern
3%
span
3%
spray
3%
stalemate
3%
thrive
3%
titles
3%
unlawful,
3%
wonders
3%
abandon
0%
abandoning
0%
abrasive
0%
Admiral
0%
advantages
0%
aggravate
0%
apprenticeship
0%
Aww!
0%
battering
0%
battery,
0%
camaraderie
0%
cavalry's
0%
Chick-a-plao!
0%
closest
0%
commonplace,
0%
Confess
0%
damages
0%
DearTheodosia
0%
despondent
0%
duels
0%
economy's
0%
elegance
0%
engaging
0%
enraging
0%
entitled
0%
escaping
0%
fam'ly,
0%
FarmerRefuted
0%
GunsandShips
0%
HistoryHasItsEyesOnYou
0%
horror
0%
Howe′s
0%
hundred-degree
0%
Incoming!
0%
increasingly
0%
inimitable
0%
Kips
0%
Knight
0%
mediocrities
0%
Nathanael
0%
occasion
0%
opponent
0%
organize
0%
oughta
0%
Outlast
0%
Outright
0%
Outrun
0%
pistols
0%
query
0%
raises
0%
rake
0%
recruits
0%
relatives
0%
rook,
0%
satisfaction
0%
second-in-command
0%
sins
0%
skittish
0%
Socrates
0%
specially
0%
stagger
0%
stakes
0%
stalling
0%
stamina
0%
succinct,
0%
The Story of Tonight (Reprise)
0%
′tween
0%
twenty-five
0%
twenty-nine
0%
verbal
0%
Wait for it
0%
WhatComesNext?
0%
Yaleo
0%
Yorktown(TheWorldTurnedUpsideDown)
0%
No matching quizzes found
Score Distribution
Percent of People with Each Score
Percentile by Number Answered
Your Score History
You have not taken this quiz